[Event "Tatry Open 2014"]
[Site "Tatranske Zruby SVK"]
[Date "2014.10.01"]
[Round "5.30"]
[White "Volodin, V."]
[Black "Hujo, J."]
[Result "1-0"]
[WhiteElo "2217"]
[BlackElo "2038"]
[PlyCount "137"]
[EventDate "2014.09.28"]

1. d4 e6 2. g3 f5 3. Bg2 d5 4. Nf3 Bd6 5. O-O Nf6 6. b3 c6 7. Ba3 Bxa3 8. Nxa3
Qe7 9. Qc1 O-O 10. c4 a5 11. Qb2 Na6 12. Nc2 c5 13. Ne5 cxd4 14. Nxd4 Nc5 15.
Rac1 Ncd7 16. Nb5 Nxe5 17. Qxe5 Ng4 18. Qd6 Qxd6 19. Nxd6 d4 20. Rfd1 Rd8 21.
Rxd4 e5 22. Rd2 Rb8 23. Rcd1 Nf6 24. Nxc8 Rdxc8 25. Bd5+ Kf8 26. Be6 Rc7 27.
Bxf5 b5 28. Rd8+ Rxd8 29. Rxd8+ Ke7 30. Ra8 bxc4 31. bxc4 g6 32. Bh3 Rxc4 33.
Rxa5 Rc1+ 34. Kg2 e4 35. Re5+ Kf8 36. a4 Rc2 37. e3 Ra2 38. a5 Ra4 39. Bc8 Rc4
40. Bb7 Ra4 41. a6 Ra2 42. h3 Kf7 43. g4 h6 44. Bc8 Ra4 45. Kg3 g5 46. h4 gxh4+
47. Kxh4 Ra1 48. Kg3 Rg1+ 49. Kh2 Ra1 50. Kg2 Kf8 51. f3 exf3+ 52. Kxf3 Rf1+
53. Ke2 Ra1 54. Kd3 Kf7 55. Kc2 Ra4 56. Kb3 Ra1 57. Kb4 Nxg4 58. Bxg4 Rxa6 59.
Kc3 Kf6 60. Rd5 Ra3+ 61. Kd2 Ra2+ 62. Kd3 Ra4 63. Bh5 Ra3+ 64. Ke4 Ra4+ 65. Kf3
Rb4 66. e4 Rb1 67. Kf4 Rh1 68. Rf5+ Ke6 69. Bf3 1-0

[Event "Tatry Open 2014"]
[Site "Tatranske Zruby SVK"]
[Date "2014.10.01"]
[Round "5.31"]
[White "Murin, P."]
[Black "Ramik, Z."]
[Result "1/2-1/2"]
[WhiteElo "2051"]
[BlackElo "2216"]
[PlyCount "48"]
[EventDate "2014.09.28"]

1. d4 Nf6 2. c4 e6 3. Nc3 Bb4 4. f3 d5 5. a3 Be7 6. e4 O-O 7. cxd5 exd5 8. Bb5
a6 9. Ba4 Nc6 10. Nge2 dxe4 11. fxe4 b5 12. Bc2 b4 13. axb4 Nxb4 14. O-O Nxc2
15. Qxc2 Bb7 16. Bg5 Nxe4 17. Bxe7 Qxe7 18. Ra5 c5 19. Nxe4 Qxe4 20. Qxe4 Bxe4
21. dxc5 Bd3 22. Re1 Rfe8 23. Kf2 Rab8 24. Ra3 Bxe2 1/2-1/2

[Event "Tatry Open 2014"]
[Site "Tatranske Zruby SVK"]
[Date "2014.10.01"]
[Round "5.32"]
[White "Steiner, B."]
[Black "Haring, V."]
[Result "1-0"]
[WhiteElo "2212"]
[BlackElo "2033"]
[PlyCount "51"]
[EventDate "2014.09.28"]

1. Nf3 d5 2. c4 d4 3. e3 Nc6 4. b4 Nxb4 5. exd4 c5 6. d5 Bf5 7. d3 Qa5 8. Bd2
Bxd3 9. Bxd3 Nxd3+ 10. Ke2 Nb4 11. a3 Qa6 12. axb4 Qxa1 13. bxc5 Qa6 14. Qb3
Nf6 15. Nc3 Nd7 16. Nb5 Rc8 17. d6 Nxc5 18. Qe3 e6 19. Ne5 Bxd6 20. Ra1 Qxa1
21. Nxd6+ Ke7 22. Ndxf7 Rhe8 23. Qf3 Nd7 24. Qxb7 Qd4 25. Bb4+ Kf6 26. Qf3+ 1-0

[Event "Tatry Open 2014"]
[Site "Tatranske Zruby SVK"]
[Date "2014.10.01"]
[Round "5.33"]
[White "Jurcisin, I."]
[Black "Sikora, J."]
[Result "0-1"]
[WhiteElo "2044"]
[BlackElo "2211"]
[PlyCount "54"]
[EventDate "2014.09.28"]

1. e4 c5 2. Nf3 d6 3. d4 cxd4 4. Nxd4 Nf6 5. Nc3 a6 6. Be2 e6 7. a4 Qc7 8. f4
b6 9. O-O Bb7 10. Bf3 Nbd7 11. Qe2 Rc8 12. g4 Qc4 13. Qd3 e5 14. Nf5 Qxd3 15.
cxd3 Nc5 16. d4 Nb3 17. Ra3 Nxc1 18. Rxc1 g6 19. g5 gxf5 20. gxf6 fxe4 21. Re1
exf3 22. fxe5 dxe5 23. Rb3 Kd7 24. Rxb6 Kc7 25. a5 exd4 26. Ne4 Bxe4 27. Rxe4
Bc5 0-1

[Event "Tatry Open 2014"]
[Site "Tatranske Zruby SVK"]
[Date "2014.10.01"]
[Round "5.34"]
[White "Ruckschloss, K."]
[Black "Framberk, J."]
[Result "1-0"]
[WhiteElo "2207"]
[BlackElo "2027"]
[PlyCount "29"]
[EventDate "2014.09.28"]

1. c4 e5 2. Nc3 Nc6 3. g3 f5 4. e3 Nf6 5. d4 Bb4 6. Nge2 Ne4 7. Bg2 exd4 8.
exd4 O-O 9. O-O Bxc3 10. Nxc3 Nxc3 11. bxc3 d6 12. c5 dxc5 13. Ba3 Rf6 14. Bxc5
Be6 15. d5 1-0

[Event "Tatry Open 2014"]
[Site "Tatranske Zruby SVK"]
[Date "2014.10.01"]
[Round "5.35"]
[White "Stehlik, P."]
[Black "Privara, I."]
[Result "1-0"]
[WhiteElo "2033"]
[BlackElo "2205"]
[PlyCount "113"]
[EventDate "2014.09.28"]

1. d4 Nf6 2. Nf3 e6 3. g3 d5 4. Bg2 c5 5. c4 Nc6 6. cxd5 exd5 7. Nc3 Be7 8. O-O
O-O 9. Bf4 c4 10. Ne5 Be6 11. Nxc6 bxc6 12. e4 Qa5 13. Qc2 Rfd8 14. Rfd1 Rac8
15. Rac1 Rd7 16. e5 Ne8 17. Bd2 Qb6 18. Be3 g6 19. Rd2 Ng7 20. f3 Bf5 21. Qd1
Ne6 22. Bf1 c5 23. Na4 Qa5 24. g4 cxd4 25. gxf5 dxe3 26. fxe6 exd2 27. exd7 Rd8
28. Rb1 Rxd7 29. Kh1 Bg5 30. Nc3 Bf4 31. Bh3 Re7 32. e6 fxe6 33. Qe2 Kf7 34.
Rg1 Qb6 35. Rg4 Qe3 36. Qxe3 Bxe3 37. Nd1 d4 38. Re4 e5 39. Bf1 Rc7 40. Be2 Bf4
41. Kg2 c3 42. bxc3 dxc3 43. Rc4 Rxc4 44. Bxc4+ Ke7 45. Nxc3 Kd6 46. Ne4+ Kc6
47. Be2 Kd5 48. h3 Kd4 49. Kf2 Be3+ 50. Kf1 g5 51. Nd6 Bf4 52. Nb5+ Kc5 53.
Nxa7 Kb4 54. Bd1 Ka3 55. Bb3 d1=Q+ 56. Bxd1 Kxa2 57. Ke2 1-0

[Event "Tatry Open 2014"]
[Site "Tatranske Zruby SVK"]
[Date "2014.10.01"]
[Round "5.36"]
[White "Sorkovsky, M."]
[Black "Milcova, Z."]
[Result "1-0"]
[WhiteElo "2204"]
[BlackElo "2027"]
[PlyCount "71"]
[EventDate "2014.09.28"]

1. e4 d5 2. exd5 Nf6 3. d4 Nxd5 4. Nf3 c6 5. c4 Nb6 6. h3 Bf5 7. Bd3 Bxd3 8.
Qxd3 g6 9. O-O Bg7 10. Rd1 O-O 11. Nc3 Na6 12. Bf4 Nc7 13. Rac1 Rc8 14. b3 Re8
15. Rc2 Ne6 16. Be3 Qc7 17. Qd2 Red8 18. Qc1 Rd7 19. a4 a5 20. Ne4 Qd8 21. Rcd2
Na8 22. h4 h5 23. g3 Qc7 24. Qb1 Qb8 25. d5 cxd5 26. cxd5 Nf8 27. Bf4 Qa7 28.
Ne5 Bxe5 29. Bxe5 f6 30. Bd4 b6 31. d6 Kf7 32. dxe7 Nh7 33. Bb2 Rxd2 34. Rxd2
Kxe7 35. Ba3+ Ke6 36. Qd3 1-0

[Event "Tatry Open 2014"]
[Site "Tatranske Zruby SVK"]
[Date "2014.10.01"]
[Round "5.37"]
[White "Dobrotka, M."]
[Black "Rakay, K."]
[Result "1/2-1/2"]
[WhiteElo "2189"]
[BlackElo "2005"]
[PlyCount "54"]
[EventDate "2014.09.28"]

1. Nf3 d5 2. g3 c6 3. Bg2 Nf6 4. d3 g6 5. c3 Bg7 6. Qa4 Nbd7 7. O-O O-O 8. Qh4
Re8 9. Bh6 Bh8 10. Nbd2 Qb6 11. Nb3 a5 12. Be3 Qc7 13. a4 Nf8 14. h3 Ne6 15.
Bh6 Rd8 16. Nbd4 Ng7 17. Qf4 Qb6 18. Qc1 Nge8 19. Be3 Qc7 20. b4 Nd6 21. Nb3 b6
22. Bd4 Re8 23. Re1 Bg7 24. Be5 Nd7 25. Bxg7 Kxg7 26. Nfd2 e5 27. b5 Bb7
1/2-1/2

[Event "Tatry Open 2014"]
[Site "Tatranske Zruby SVK"]
[Date "2014.10.01"]
[Round "5.38"]
[White "Mandak, M."]
[Black "Rous, D."]
[Result "1/2-1/2"]
[WhiteElo "2003"]
[BlackElo "2188"]
[PlyCount "126"]
[EventDate "2014.09.28"]

1. d4 Nf6 2. Nf3 g6 3. c4 Bg7 4. Nc3 d5 5. e3 O-O 6. Be2 dxc4 7. O-O c5 8. Bxc4
Bg4 9. dxc5 Qc8 10. Be2 Qxc5 11. Nd4 Bxe2 12. Qxe2 e5 13. Nb3 Qc8 14. e4 Nc6
15. Be3 b6 16. Rac1 Qb7 17. Rfd1 Rfd8 18. Rxd8+ Nxd8 19. f3 Ne6 20. Rd1 Rc8 21.
Qb5 Qc6 22. Qxc6 Rxc6 23. Nd5 Kf8 24. Nxf6 Bxf6 25. Rd7 Nc7 26. Kf1 Ke8 27. Rd1
Be7 28. Rc1 Kd7 29. Ke2 h5 30. g3 Nb5 31. Rxc6 Kxc6 32. a4 Nd6 33. Kd3 a6 34.
h3 Ne8 35. Nd2 b5 36. axb5+ Kxb5 37. Nc4 f6 38. Bd2 Nc7 39. f4 Ne6 40. Be3 exf4
41. gxf4 a5 42. Na3+ Bxa3 43. bxa3 Nc5+ 44. Kd4 Kc6 45. h4 Kd6 46. e5+ fxe5+
47. fxe5+ Kc6 48. Kc4 Ne4 49. a4 Ng3 50. Bg5 Ne4 51. Bd8 Nc5 52. Bxa5 Nxa4 53.
Kd4 Nc5 54. Bc3 Ne6+ 55. Ke4 Kd7 56. Bb4 Nd8 57. Kd5 Ne6 58. Ke4 Nc7 59. Ba5
Ne6 60. Bb4 Kc6 61. Ba3 Kd7 62. Bb4 Nd8 63. Kd5 Ne6 1/2-1/2

[Event "Tatry Open 2014"]
[Site "Tatranske Zruby SVK"]
[Date "2014.10.01"]
[Round "5.39"]
[White "Janousek, P."]
[Black "Socha, J."]
[Result "1-0"]
[WhiteElo "2174"]
[BlackElo "1978"]
[PlyCount "75"]
[EventDate "2014.09.28"]

1. e4 c5 2. Nf3 d6 3. d4 cxd4 4. Nxd4 Nf6 5. Nc3 a6 6. Bc4 e6 7. Bb3 Nbd7 8.
O-O Nc5 9. Re1 Be7 10. Qf3 O-O 11. Qg3 Kh8 12. Bg5 Qc7 13. Rad1 Bd7 14. Qh4 Bc6
15. Nxc6 bxc6 16. Re3 Ng8 17. Bxe7 Nxe7 18. Rh3 h6 19. Qf4 Rad8 20. Ne2 Ng6 21.
Qe3 Qe7 22. Nd4 Rc8 23. f4 Nxb3 24. axb3 c5 25. Ne2 Rfd8 26. Nc3 c4 27. bxc4
Rxc4 28. f5 Nf8 29. Rf1 Nh7 30. fxe6 Qxe6 31. Rd1 Rb8 32. b3 Rc6 33. Rd3 Rbc8
34. Rg3 Nf6 35. h3 Rxc3 36. Rxc3 Rxc3 37. Qxc3 Nxe4 38. Qxg7# 1-0

[Event "Tatry Open 2014"]
[Site "Tatranske Zruby SVK"]
[Date "2014.10.01"]
[Round "5.40"]
[White "Belus, B."]
[Black "Polacik, I."]
[Result "0-1"]
[WhiteElo "1976"]
[BlackElo "2173"]
[PlyCount "88"]
[EventDate "2014.09.28"]

1. e4 c5 2. Nc3 Nc6 3. g3 g6 4. Bg2 Bg7 5. Nge2 e6 6. d3 Nge7 7. Be3 Nd4 8. Qd2
d6 9. Rc1 Nec6 10. Bh6 O-O 11. Bxg7 Kxg7 12. Nxd4 Nxd4 13. Ne2 Nxe2 14. Qxe2
Qa5+ 15. c3 Qxa2 16. O-O e5 17. f4 f6 18. fxe5 dxe5 19. Qf2 Qa5 20. d4 Qc7 21.
dxc5 Be6 22. b4 Rad8 23. Rcd1 Rxd1 24. Rxd1 Rd8 25. Qc2 Rd7 26. Kf2 b6 27.
Rxd7+ Bxd7 28. cxb6 Qxb6+ 29. Kf3 h5 30. h3 f5 31. Qd2 fxe4+ 32. Kxe4 Bc6+ 33.
Kxe5 Qb8+ 34. Qd6 Qxd6+ 35. Kxd6 Bxg2 36. h4 Bf1 37. Kd5 Kf6 38. c4 Ke7 39. c5
Kd7 40. Ke5 Kc6 41. Kf6 Bd3 42. Ke5 Bf5 43. Kf6 Kb5 44. Ke7 Kxb4 0-1

[Event "Tatry Open 2014"]
[Site "Tatranske Zruby SVK"]
[Date "2014.10.02"]
[Round "6.1"]
[White "Jarmula, L."]
[Black "Berezjuk, S."]
[Result "1/2-1/2"]
[WhiteElo "2314"]
[BlackElo "2371"]
[PlyCount "34"]
[EventDate "2014.09.28"]

1. d4 d5 2. c4 e6 3. Nf3 Nf6 4. g3 Be7 5. Bg2 O-O 6. O-O dxc4 7. Ne5 Nc6 8.
Bxc6 bxc6 9. Nxc6 Qe8 10. Nxe7+ Qxe7 11. Qc2 e5 12. Rd1 exd4 13. Rxd4 Ba6 14.
Bg5 h6 15. Bxf6 Qxf6 16. Rf4 Qc6 17. Nd2 c3 1/2-1/2

[Event "Tatry Open 2014"]
[Site "Tatranske Zruby SVK"]
[Date "2014.10.02"]
[Round "6.2"]
[White "Zambor, N."]
[Black "Pagerka, M."]
[Result "1/2-1/2"]
[WhiteElo "2279"]
[BlackElo "2297"]
[PlyCount "102"]
[EventDate "2014.09.28"]

1. e4 c5 2. Nf3 e6 3. d4 cxd4 4. Nxd4 a6 5. Bd3 Bc5 6. c3 d6 7. O-O Nf6 8. a4
O-O 9. Na3 e5 10. Nb3 Ba7 11. Bg5 h6 12. Bh4 g5 13. Bg3 h5 14. h3 h4 15. Bh2
Be6 16. Kh1 Nc6 17. Nd2 Qe7 18. Nc2 Kg7 19. b4 Rac8 20. c4 a5 21. b5 Nd4 22.
Ne3 Rc7 23. Rc1 Rfc8 24. Nb1 Bc5 25. Nc3 Ba3 26. Rb1 Bb4 27. Ne2 Nxe2 28. Qxe2
Bc5 29. Nd5 Bxd5 30. cxd5 b6 31. Rbc1 Rh8 32. Qf3 Rh6 33. Be2 Rg6 34. Qf5 Ra7
35. Bg4 Ra8 36. Rc3 Rd8 37. Qf3 Rh8 38. Bf5 Rgh6 39. Bg4 Qd8 40. Qf5 Ng8 41.
Bg1 Rg6 42. Qf3 Nh6 43. Qe2 Rf6 44. f3 Rf4 45. Be3 Nxg4 46. Bxf4 gxf4 47. fxg4
Qf6 48. Rc4 Rh6 49. Qf3 Qg5 50. Rd1 Qe7 51. Re1 Qg5 1/2-1/2

[Event "Tatry Open 2014"]
[Site "Tatranske Zruby SVK"]
[Date "2014.10.02"]
[Round "6.3"]
[White "Nayhebaver, Martin"]
[Black "Biolek, R2."]
[Result "1/2-1/2"]
[WhiteElo "2301"]
[BlackElo "2432"]
[PlyCount "49"]
[EventDate "2014.09.28"]

1. e4 e5 2. Nf3 Nc6 3. Bb5 a6 4. Ba4 Nf6 5. O-O Nxe4 6. d4 b5 7. Bb3 d5 8. dxe5
Be6 9. Nbd2 Be7 10. c3 O-O 11. Bc2 f5 12. exf6 Nxf6 13. Nb3 Bg4 14. Qd3 Ne4 15.
Nbd4 Nxd4 16. Nxd4 Bd6 17. h3 Qh4 18. Nxb5 Nxf2 19. Qxh7+ Qxh7 20. Bxh7+ Kxh7
21. Nxd6 Nxh3+ 22. gxh3 Rxf1+ 23. Kxf1 Bxh3+ 24. Kf2 cxd6 25. Bf4 1/2-1/2

[Event "Tatry Open 2014"]
[Site "Tatranske Zruby SVK"]
[Date "2014.10.02"]
[Round "6.4"]
[White "Kernazhitsky, L."]
[Black "Cech, P."]
[Result "1/2-1/2"]
[WhiteElo "2298"]
[BlackElo "2424"]
[PlyCount "46"]
[EventDate "2014.09.28"]

1. e4 e6 2. d4 d5 3. e5 c5 4. c3 Nc6 5. Nf3 Bd7 6. a3 Nge7 7. b4 cxd4 8. cxd4
Nf5 9. Be3 a5 10. b5 Na7 11. Nc3 Nxe3 12. fxe3 a4 13. Kf2 Qa5 14. Nxa4 Bxb5 15.
Nb2 Be7 16. Qb3 O-O 17. a4 Bxf1 18. Rhxf1 b5 19. axb5 Qxb5 20. Qxb5 Nxb5 21.
Nd3 Na3 22. Nd2 Rab8 23. Rfc1 Rfc8 1/2-1/2

[Event "Tatry Open 2014"]
[Site "Tatranske Zruby SVK"]
[Date "2014.10.02"]
[Round "6.6"]
[White "Jasny, S."]
[Black "Vul, A."]
[Result "1-0"]
[WhiteElo "2409"]
[BlackElo "2294"]
[PlyCount "139"]
[EventDate "2014.09.28"]

1. e4 e5 2. Nf3 Nc6 3. Bc4 Nf6 4. d4 exd4 5. e5 Ng4 6. O-O d6 7. exd6 Bxd6 8.
Re1+ Kf8 9. Nbd2 Nge5 10. Nxe5 Nxe5 11. Bb3 Bg4 12. f3 Bf5 13. Ne4 h6 14. Bf4
Bxe4 15. Rxe4 Nc6 16. Qd3 g5 17. Qc4 Rh7 18. Bxd6+ Qxd6 19. Rae1 Rd8 20. Qb5 a6
21. Qf5 Qg6 22. Qxg6 fxg6 23. Re6 Re7 24. Rf6+ Ke8 25. Bf7+ Kd7 26. Be6+ Kd6
27. Bc8+ Kc5 28. Rxe7 Nxe7 29. Bxb7 Rb8 30. Be4 Rb6 31. Rf7 Kd6 32. b3 Ke6 33.
Rf8 h5 34. Re8 Kd7 35. Ra8 Nf5 36. Bd3 Ne3 37. Kf2 Rc6 38. Rxa6 Rxa6 39. Bxa6
Nxc2 40. Bd3 Nb4 41. Bxg6 Nxa2 42. Bxh5 Nc1 43. Bf7 Nd3+ 44. Kf1 Kd6 45. g3 Ne5
46. Bh5 Nd3 47. Bg6 Nc1 48. Bf7 Ke5 49. Ke1 Nd3+ 50. Ke2 Nb4 51. h3 c5 52. Kd2
Kf6 53. Bc4 Nc6 54. Bd5 Ne5 55. Be4 Ke6 56. f4 gxf4 57. gxf4 Nd7 58. Ke2 Nb6
59. h4 Nc8 60. h5 Nd6 61. h6 Kf6 62. Bd3 Nb7 63. Kf3 Na5 64. f5 Nc6 65. h7 Kg7
66. f6+ Kh8 67. Kf4 Nd8 68. Ke5 Nf7+ 69. Kd5 c4 70. Kxc4 1-0

[Event "Tatry Open 2014"]
[Site "Tatranske Zruby SVK"]
[Date "2014.10.02"]
[Round "6.7"]
[White "Pribyl, Jo"]
[Black "Zambo, Z."]
[Result "0-1"]
[WhiteElo "2244"]
[BlackElo "2382"]
[PlyCount "94"]
[EventDate "2014.09.28"]

1. d4 d6 2. e4 Nf6 3. Nc3 c6 4. f4 d5 5. e5 Ng8 6. Be3 h5 7. h3 g6 8. Nf3 Nh6
9. Qd2 Na6 10. O-O-O Nf5 11. Bf2 h4 12. Bd3 e6 13. Kb1 Bd7 14. Rdg1 Be7 15. Ne2
Qb6 16. c3 c5 17. Bxa6 bxa6 18. dxc5 Bxc5 19. Bxc5 Qxc5 20. Nfd4 Rb8 21. Nxf5
gxf5 22. Nd4 Rg8 23. Re1 Ke7 24. Re3 a5 25. Qf2 Rh8 26. Ka1 a4 27. a3 Rb7 28.
Rc1 Bb5 29. Rd3 Kd7 30. Rd2 Bc4 31. Nf3 Qb5 32. Nd4 Qb6 33. Rcd1 Rhb8 34. Qe1
Qc5 35. b4 axb3 36. Kb2 Rb6 37. Ra1 Rh8 38. Nf3 Qe7 39. Qf2 Bb5 40. a4 Ba6 41.
a5 Rb7 42. Ra4 Rc8 43. Ra3 Rxc3 44. Ra4 Rbc7 45. Nd4 Qc5 46. Ra1 Rb7 47. Qe1
Bd3 0-1

[Event "Tatry Open 2014"]
[Site "Tatranske Zruby SVK"]
[Date "2014.10.02"]
[Round "6.8"]
[White "Vojta, T."]
[Black "Belunek, V."]
[Result "1-0"]
[WhiteElo "2373"]
[BlackElo "2226"]
[PlyCount "57"]
[EventDate "2014.09.28"]

1. e4 d6 2. d4 g6 3. Nc3 Bg7 4. Be3 a6 5. Qd2 Nd7 6. h4 h5 7. O-O-O b5 8. Kb1
Bb7 9. f3 Ngf6 10. Nh3 Nb6 11. Bd3 Qc8 12. Ng5 e6 13. Rhe1 b4 14. Ne2 c5 15.
dxc5 dxc5 16. Nf4 O-O 17. e5 Nfd5 18. Bxg6 fxg6 19. Nxg6 Rf7 20. f4 Nc4 21. Qe2
b3 22. axb3 Na3+ 23. Kc1 c4 24. Qxh5 Nf6 25. exf6 Bxf6 26. Nxf7 cxb3 27. Bc5
Bd5 28. Rxd5 exd5 29. Ne7+ 1-0

[Event "Tatry Open 2014"]
[Site "Tatranske Zruby SVK"]
[Date "2014.10.02"]
[Round "6.9"]
[White "Vojtek, V."]
[Black "Certek, P."]
[Result "0-1"]
[WhiteElo "2336"]
[BlackElo "2267"]
[PlyCount "114"]
[EventDate "2014.09.28"]

1. d4 d5 2. Nf3 c6 3. e3 Bf5 4. Nh4 Bc8 5. g3 Nf6 6. Nd2 Nbd7 7. Bg2 e5 8. O-O
g6 9. e4 dxe4 10. Nc4 exd4 11. Qxd4 Nb6 12. Qe5+ Be7 13. Nxb6 axb6 14. Bh6 Ra5
15. Qf4 Bd6 16. Qc1 Ng4 17. Bg7 Rg8 18. Bc3 f5 19. Bxa5 bxa5 20. h3 Nf6 21. Qg5
Nd5 22. Qxd8+ Kxd8 23. c4 Nb4 24. Rfd1 Kc7 25. Bf1 Be5 26. Rd2 a4 27. a3 Na6
28. Re1 Nc5 29. Nf3 Nb3 30. Rc2 Bf6 31. Nd2 Nd4 32. Rcc1 Bg5 33. Nb1 Nf3+ 34.
Kg2 Nxe1+ 35. Rxe1 Bf6 36. Re2 Rd8 37. Rc2 Rd1 38. Nc3 Bxc3 39. Rxc3 Rd2 40. b4
axb3 41. Rxb3 Rc2 42. Kg1 Be6 43. Rb4 c5 44. Ra4 Kb8 45. Ra5 b6 46. Rb5 Kc7 47.
a4 Rc1 48. a5 Rxf1+ 49. Kg2 Rc1 50. axb6+ Kb7 51. Rxc5 Rxc4 52. Re5 Rc6 53. g4
Kxb6 54. Kg3 Kc7 55. g5 Rc3+ 56. Kh4 Kd6 57. f4 Rc5 0-1

[Event "Tatry Open 2014"]
[Site "Tatranske Zruby SVK"]
[Date "2014.10.02"]
[Round "6.10"]
[White "Szotkowski, J."]
[Black "Petran, Pe"]
[Result "0-1"]
[WhiteElo "2262"]
[BlackElo "2327"]
[PlyCount "130"]
[EventDate "2014.09.28"]

1. d4 g6 2. e4 Bg7 3. Nc3 c6 4. Be3 b5 5. Qd2 d6 6. h4 h5 7. Bd3 Nf6 8. f3 Qc7
9. Nh3 Bxh3 10. Rxh3 Nbd7 11. Ne2 Rb8 12. f4 Nb6 13. b3 Ng4 14. Bg1 d5 15. exd5
Nxd5 16. Rf3 e6 17. a4 b4 18. O-O-O Qe7 19. g3 O-O 20. Kb1 Rfc8 21. Ka2 Qc7 22.
Bc4 Qa5 23. Qd3 Rd8 24. Bxd5 cxd5 25. Bf2 Rdc8 26. Be1 Nf6 27. Bd2 Rc6 28. Kb1
Rbc8 29. Rc1 Bf8 30. Be1 Ne4 31. Kb2 a6 32. Re3 Qd8 33. Rf3 Qe7 34. Kb1 Rc3 35.
Nxc3 bxc3 36. Bxc3 Nxc3+ 37. Qxc3 Rxc3 38. Rxc3 Qb4 39. Rd3 Kg7 40. Rcd1 Kf6
41. Re3 Kf5 42. Re5+ Kg4 43. Re3 Bg7 44. Red3 a5 45. Kb2 Bf8 46. Rf1 Kf5 47.
Rfd1 Bd6 48. Rf1 Qb6 49. Rf2 Kg4 50. Rf1 Bc7 51. Kb1 f6 52. Re1 g5 53. hxg5
fxg5 54. fxg5 Bxg3 55. Rf1 h4 56. g6 Qd8 57. Re3 Qg8 58. Rf6 Bf4 59. Re1 h3 60.
Rfxe6 h2 61. R6e2 Bg3 62. Rh1 Kh3 63. Rf1 Qxg6 64. Kb2 Qa6 65. c4 dxc4 0-1

[Event "Tatry Open 2014"]
[Site "Tatranske Zruby SVK"]
[Date "2014.10.02"]
[Round "6.11"]
[White "Gumularz, Szymon"]
[Black "Michenka, J."]
[Result "1-0"]
[WhiteElo "2132"]
[BlackElo "2326"]
[PlyCount "119"]
[EventDate "2014.09.28"]

1. e4 c5 2. Nc3 d6 3. f4 g6 4. Nf3 Bg7 5. Bb5+ Bd7 6. Bxd7+ Qxd7 7. O-O Nc6 8.
d3 Nf6 9. Qe1 O-O 10. Qh4 Qg4 11. Qf2 Nh5 12. Ne2 Qd7 13. f5 Nb4 14. Nc3 d5 15.
a3 d4 16. Nd1 Nc6 17. g4 Nf6 18. Qh4 Qd6 19. Nf2 h5 20. Bd2 hxg4 21. Nxg4 Nxg4
22. Qxg4 Ne5 23. Qh4 Bf6 24. Qh6 Bg7 25. Qh4 Bf6 26. Qh3 Rac8 27. Bh6 Bg7 28.
Ng5 Qf6 29. Nh7 Qb6 30. Bxg7 Kxg7 31. Nxf8 Rxf8 32. fxg6 Qxg6+ 33. Qg2 Ng4 34.
Rf3 Ne3 35. Qxg6+ Kxg6 36. c3 f6 37. cxd4 cxd4 38. Rc1 e5 39. Rc7 Rb8 40. Rg3+
Kh6 41. b4 f5 42. exf5 Nxf5 43. Rf3 Kg5 44. Kf2 Kg6 45. a4 a6 46. a5 Kf6 47.
Rh3 Ke6 48. Rhh7 Rf8 49. Ke2 Rg8 50. Rxb7 Rg2+ 51. Kf3 Rd2 52. Rb6+ Nd6 53.
Rh6+ Kf5 54. Rbxd6 Rxd3+ 55. Ke2 Rb3 56. Rh5+ Ke4 57. Re6 Rb2+ 58. Kf1 Rb1+ 59.
Kg2 d3 60. Rexe5+ 1-0

[Event "Tatry Open 2014"]
[Site "Tatranske Zruby SVK"]
[Date "2014.10.02"]
[Round "6.12"]
[White "Marek, Mat"]
[Black "Constantinou, Pe"]
[Result "1-0"]
[WhiteElo "2200"]
[BlackElo "2311"]
[PlyCount "73"]
[EventDate "2014.09.28"]

1. e4 c5 2. Nf3 e6 3. d4 cxd4 4. Nxd4 a6 5. Nc3 Qc7 6. Bd3 Nf6 7. O-O Bd6 8.
Kh1 Nc6 9. Nxc6 dxc6 10. f4 e5 11. f5 h5 12. a4 a5 13. Qf3 Bc5 14. Nd1 Bd7 15.
Be3 Qb6 16. Bxc5 Qxc5 17. Ne3 O-O-O 18. Nc4 Ng4 19. c3 g6 20. b4 axb4 21. cxb4
Qd4 22. Be2 Kb8 23. Rad1 Qa7 24. a5 gxf5 25. exf5 c5 26. Rd6 Bc6 27. Qd3 Rde8
28. Bxg4 hxg4 29. Nxe5 Bb5 30. Qxb5 Rxe5 31. Rb6 Kc8 32. a6 Qb8 33. axb7+ Kd8
34. Rd6+ Ke7 35. Qd7+ Kf8 36. f6 Rd5 37. Qc8+ 1-0

[Event "Tatry Open 2014"]
[Site "Tatranske Zruby SVK"]
[Date "2014.10.02"]
[Round "6.13"]
[White "Langner, L1."]
[Black "Ruckschloss, K."]
[Result "1-0"]
[WhiteElo "2363"]
[BlackElo "2207"]
[PlyCount "61"]
[EventDate "2014.09.28"]

1. e4 d6 2. d4 g6 3. Nc3 Bg7 4. Be3 c6 5. Qd2 b5 6. O-O-O Nd7 7. f4 Qa5 8. Kb1
Nb6 9. Nce2 Qxd2 10. Bxd2 Nf6 11. Ng3 Ng4 12. Be1 Ne3 13. Rd3 Nxf1 14. Nxf1 e5
15. Bb4 d5 16. dxe5 dxe4 17. Rd4 Nd5 18. Rxe4 Bf5 19. Rd4 O-O-O 20. Ba5 Rd7 21.
Ng3 c5 22. Rd2 Nxf4 23. Nxf5 gxf5 24. Rxd7 Kxd7 25. Nf3 Re8 26. Rd1+ Kc6 27.
Rd6+ Kb7 28. Rd7+ Ka6 29. Bd2 Bxe5 30. Nxe5 Rxe5 31. Bxf4 1-0

[Event "Tatry Open 2014"]
[Site "Tatranske Zruby SVK"]
[Date "2014.10.02"]
[Round "6.14"]
[White "Sorkovsky, M."]
[Black "Jossien, A."]
[Result "0-1"]
[WhiteElo "2204"]
[BlackElo "2326"]
[PlyCount "82"]
[EventDate "2014.09.28"]

1. e4 e5 2. Nf3 Nc6 3. Bc4 Be7 4. d3 Nf6 5. c3 O-O 6. O-O d5 7. exd5 Nxd5 8. h3
Nb6 9. Bb5 Qd5 10. Qb3 f6 11. Qxd5+ Nxd5 12. Re1 Kf7 13. Be3 Be6 14. Nbd2 Rfd8
15. d4 exd4 16. Bxd4 Ndb4 17. Bxc6 Nxc6 18. Nb3 b6 19. Rad1 a5 20. Rd2 a4 21.
Nc1 Bd5 22. Nh2 Bc4 23. Nf3 Bd5 24. Nh2 Na5 25. Nf1 c5 26. Rde2 Rd7 27. Be3 g5
28. f3 Rad8 29. Kf2 Bc6 30. b3 Bd6 31. g3 Be5 32. Bd2 axb3 33. axb3 c4 34. b4
Nb3 35. Nxb3 cxb3 36. c4 Rd3 37. Bxg5 Rxf3+ 38. Kg1 Rg8 39. Bh4 Rf4 40. b5 Ba8
41. g4 Rf3 0-1

[Event "Tatry Open 2014"]
[Site "Tatranske Zruby SVK"]
[Date "2014.10.02"]
[Round "6.15"]
[White "Barrish, Daniel"]
[Black "Sikorova, O."]
[Result "1/2-1/2"]
[WhiteElo "2144"]
[BlackElo "2282"]
[PlyCount "35"]
[EventDate "2014.09.28"]

1. d4 d5 2. c4 c6 3. Nf3 Nf6 4. e3 a6 5. Bd3 g6 6. O-O Bg7 7. Nc3 O-O 8. cxd5
cxd5 9. b4 Bg4 10. h3 Bxf3 11. Qxf3 Nc6 12. b5 Nb4 13. Qe2 Qd7 14. Rb1 Nxd3 15.
Qxd3 Rfc8 16. Na4 Qc7 17. bxa6 Rxa6 18. Nc5 1/2-1/2

[Event "Tatry Open 2014"]
[Site "Tatranske Zruby SVK"]
[Date "2014.10.02"]
[Round "6.16"]
[White "Polacik, I."]
[Black "Prandstetter, E."]
[Result "1/2-1/2"]
[WhiteElo "2173"]
[BlackElo "2273"]
[PlyCount "29"]
[EventDate "2014.09.28"]

1. d4 Nf6 2. c4 e6 3. Nf3 d5 4. Nc3 Be7 5. Bg5 O-O 6. e3 Nbd7 7. Rc1 c6 8. Bd3
dxc4 9. Bxc4 Nd5 10. Bxe7 Qxe7 11. O-O Nxc3 12. Rxc3 e5 13. dxe5 Nxe5 14. Nxe5
Qxe5 15. f4 1/2-1/2

[Event "Tatry Open 2014"]
[Site "Tatranske Zruby SVK"]
[Date "2014.10.02"]
[Round "6.17"]
[White "Najgebauer, S."]
[Black "Kubik, M."]
[Result "1-0"]
[WhiteElo "2273"]
[BlackElo "2177"]
[PlyCount "77"]
[EventDate "2014.09.28"]

1. d4 Nf6 2. Nf3 g6 3. c4 Bg7 4. Nc3 O-O 5. e4 d6 6. Be2 e5 7. O-O Nc6 8. d5
Ne7 9. Nd2 Ne8 10. b4 f5 11. c5 Nf6 12. f3 f4 13. Nc4 g5 14. a4 Ng6 15. Ba3 Rf7
16. b5 dxc5 17. Bxc5 Bf8 18. Bf2 h5 19. a5 g4 20. b6 Rg7 21. bxc7 Rxc7 22. Nb5
Rg7 23. d6 Bd7 24. Nc7 Rb8 25. Qb3 Kh8 26. Rad1 Nh7 27. Qb2 Qg5 28. Bxa7 g3 29.
h3 Rd8 30. Rd5 Qh4 31. Nxe5 Nxe5 32. Qxe5 Nf6 33. Bd4 Nxd5 34. Nxd5 Kg8 35.
Nf6+ Kf7 36. Bc4+ Kg6 37. Nxd7 Rgxd7 38. Qf5+ Kh6 39. Bf6 1-0

[Event "Tatry Open 2014"]
[Site "Tatranske Zruby SVK"]
[Date "2014.10.02"]
[Round "6.18"]
[White "Vanka, M."]
[Black "Jossien, R."]
[Result "1/2-1/2"]
[WhiteElo "2135"]
[BlackElo "2262"]
[PlyCount "38"]
[EventDate "2014.09.28"]

1. d4 f5 2. Nc3 Nf6 3. Bg5 e6 4. e4 fxe4 5. Nxe4 Be7 6. Nxf6+ Bxf6 7. h4 Nc6 8.
Bd3 Qe7 9. c3 d5 10. Qh5+ Qf7 11. Qxf7+ Kxf7 12. Nf3 e5 13. dxe5 Nxe5 14. Nxe5+
Bxe5 15. O-O-O Be6 16. f4 Bf6 17. f5 Bd7 18. Bf4 c6 19. g4 Rhe8 1/2-1/2